000 00412nam a2200133Ia 4500
008 220217s9999||||xx |||||||||||||| ||und||
020 _a978-81-7722-854-0
082 _a005.74 KOG
100 _aKogent Solutions Inc.
245 0 _aOracle 11g administration in simple steps
260 _aDream tech publications
_bNew Delhi
_c2008
300 _aVIII,256p.;28cm
_b169
650 _aDATA FILES & DATABASE
_9695
999 _c180604
_d180604